Węzły na S2 - Statystyki

Ogólne statystyki
  • Ten quiz został rozwiązany 42 razy
  • Średni wynik to 7 z 12
Statystyki odpowiedzi
Hint Odpowiedź % Poprawnych
A2, S2, S7, S8 Konotopa
100%
S2, S79, S7 Lotnisko
81%
S2, S8 Opacz
81%
A2, S2, S17 Lubelska
77%
S2, DK2, DK79 Puławska
61%
S2, DW801 Wał Miedzeszyński
61%
Wylotówka na Otwock Patriotów
58%
Wschodni portal do tunelu Ursynów Wschód
45%
Zachodni portal do tunelu Ursynów Zachód
45%
Dawna wylotówka na Kraków Krakowska
35%
Dawna wylotówka na Górę Kalwarię Przyczółkowa
29%
S2, DW719 Jerozolimskie
26%
Nie znaleziono quizów pasujących do podanych kryteriów
Rozkład punktacji
Procent ludzi z każdym wynikiem
Percentyl według liczby udzielonych odpowiedzi
Twoja historia wyników
Nie rozwiązałeś tego quizu